000 00427nam a2200169 a 4500
001 0000-8826
003 ELIB.Books
008 110520 2001
035 _a(ELIB.Books)0000-8972
082 _aFic
_bRod
100 _aRodgerr, R. Thomas
245 _aThomas & Alva Edison
260 _bMalaysia: Penerbiten Pelangi Sdn.Bhd
_c2001
650 _aFiction
942 _2ddc
_cBK
998 _cbat
_e2011-05-20
999 _c8826
_d8826